| 000 -LEADER |
| fixed length control field |
00896nam a2200277 a 4500 |
| 020 ## - INTERNATIONAL STANDARD BOOK NUMBER |
| ISBN |
0026650401 |
| 040 ## - CATALOGING SOURCE |
| Transcribing agency |
DLC |
| 082 00 - DEWEY DECIMAL CLASSIFICATION NUMBER |
| Classification number |
306 BEN 1984 A109 Or. |
| 100 1# - MAIN ENTRY--AUTHOR NAME |
| Personal name |
Riker, Audrey Palm. |
| 245 10 - TITLE STATEMENT |
| Title |
Married and single life / |
| 260 ## - PUBLICATION, DISTRIBUTION, ETC. (IMPRINT) |
| Place of publication |
Peoria, Ill. : |
| Name of publisher |
Bennett Pub. Co., |
| Year of publication |
c1984. |
| 300 ## - PHYSICAL DESCRIPTION |
| Number of Pages |
416 p. : |
| Other physical details |
ill. (some col.) ; |
| Dimensions |
24 cm. |
| 500 ## - GENERAL NOTE |
| General note |
Rev. ed. of: Married life. 2nd ed. c1976. |
| 500 ## - GENERAL NOTE |
| General note |
Includes index. |
| 520 ## - SUMMARY, ETC. |
| Summary, etc |
A practical guide for planning and preparing for life as a single adult, as a married couple, and as part of a family or other group arrangements. |
| 650 #0 - SUBJECT ADDED ENTRY--TOPICAL TERM |
| Topical Term |
Marriage. |
| 650 #0 - SUBJECT ADDED ENTRY--TOPICAL TERM |
| Topical Term |
Family life education. |
| 650 #0 - SUBJECT ADDED ENTRY--TOPICAL TERM |
| Topical Term |
Single people. |
| 650 #1 - SUBJECT ADDED ENTRY--TOPICAL TERM |
| Topical Term |
Marriage. |
| 650 #1 - SUBJECT ADDED ENTRY--TOPICAL TERM |
| Topical Term |
Family life education. |
| 650 #1 - SUBJECT ADDED ENTRY--TOPICAL TERM |
| Topical Term |
Single people. |
| 700 1# - ADDED ENTRY--PERSONAL NAME |
| Personal name |
Brisbane, Holly E. |
| 700 1# - ADDED ENTRY--PERSONAL NAME |
| Personal name |
Riker, Charles. |
| 700 1# - ADDED ENTRY--PERSONAL NAME |
| Personal name |
Riker, Audrey Palm. |
| 942 ## - ADDED ENTRY ELEMENTS (KOHA) |
| Koha item type |
សៀវភៅភាសាអង់គ្លេស |
| 952 ## - LOCATION AND ITEM INFORMATION (KOHA) |
| Withdrawn status [LOCAL, KOHA] |
0 |